000 00370nam a2200133Ia 4500
008 100328s9999 xx 000 0 und d
082 _b18012
100 _aयादव राजेन्द्र
245 _aपराजय
260 _bहिन्द पॉकेट बुक्स
630 _aपराजय
730 _aपराजय
942 _cBOOK
999 _c512481
_d512478